000 00768nam a22002657a 4500
001 BR7803343
003 BR-BrBNA
005 20230928085616.0
007 ta
008 230509b bl.||||| |||| 00| 0 por d
040 _aBR-BrBNA
_bpor
_cBiblioteca Nacional de Agricultura
041 _a(Por)
072 _aD10; E30
_b/G514
090 _ D10 BR7803343
110 1 _aSecretaria de Estado da Agricultura, Curitiba, PR (Brasil). Depto. de Produtividade
_98827
245 1 _aGuia ao produtor rural [Parana; Brasil]
260 3 _aCuritiba, PR (Brasil):
_c1978.
300 _a160 p.
650 _aAdministracao
650 _aDesenvolvimento agricola
650 _aAssistencia tecnica
650 _aParana
909 _a202309
_bLucia
_c55
_dLucia Elande
942 _cBK
999 _c25355
_d25355